Culture and human development: The selected papers of John Whiting (Record no. 1389275)

MARC details
000 -LEADER
fixed length control field 00698nam a2200229Ia 4500
005 - DATE AND TIME OF LATEST TRANSACTION
control field 20250508164451.0
008 - FIXED-LENGTH DATA ELEMENTS--GENERAL INFORMATION
fixed length control field 008 250505s9999 xx 000 0 eng d
020 ## - INTERNATIONAL STANDARD BOOK NUMBER
International Standard Book Number 0-521-43515-3
037 ## - SOURCE OF ACQUISITION
Stock number Reference
040 ## - CATALOGING SOURCE
Original cataloging agency FEDL
Language of cataloging eng
Transcribing agency FEDL
041 ## - LANGUAGE CODE
Language code of text/sound track or separate title eng
Source of code eng
084 ## - COLON CLASSIFICATION NUMBER
Classification number 305.231, CHA
Assigning agency FEDL
100 ## - MAIN ENTRY--PERSONAL NAME
Personal name Chasdi Eleanor Hollenberg Ed.
9 (RLIN) 778217
245 #0 - TITLE STATEMENT
Title Culture and human development: The selected papers of John Whiting
260 ## - PUBLICATION, DISTRIBUTION, ETC.
Place of publication, distribution, etc. Cambridge
Name of publisher, distributor, etc. Cambridge University Press
Date of publication, distribution, etc. 1994
300 ## - PHYSICAL DESCRIPTION
Extent xiv,358p.
365 ## - TRADE PRICE
Price type code GBP
Price amount 40
546 ## - LANGUAGE NOTE
Language note MACESE
650 ## - SUBJECT ADDED ENTRY--TOPICAL TERM
Topical term or geographic name entry element Child rearing; Ethnopsychology
9 (RLIN) 778218
942 ## - ADDED ENTRY ELEMENTS (KOHA)
Koha item type Reference
Classification part 305.231, CHA
Holdings
Withdrawn status Lost status Damaged status Not for loan Home library Current library Date acquired Cost, normal purchase price Total Checkouts Full call number Barcode Date last seen Price effective from Koha item type
        Department of Education Library Department of Education Library 2025-05-08 40.00   305.231, CHA EL0082900 2025-05-08 2025-05-08 Reference
Copyright @ Delhi University Library System